000 00621nam a2200217 a 4500
005 20140310183607.0
008 120623s19uu xx 00 eng d
020 _a9789810698423
050 _aHD 31
_b.R632 2008
100 _aRobbins, Stephen P.
245 _aIntroduction to management /
_cStephen P. Robbins, Mary Coulter.
250 _a9th ed.
260 _aSingapore :
_bPearson Education South Asia Pte Ltd,
_c2008.
300 _a768 p. :
_bcol. ill. ;
_c26 cm.
500 _aInclude index
521 _aBSBA
650 _aManagement
700 _aCoulter, Mary
942 _cBK
_2lcc
_kFOR
999 _c25181
_d25181